Normale Ansicht MARC-Ansicht ISBD

Der imperiale Blick (Titelsatznr. 73027)

[ MARC ]
MARC-Details
000 -Satzkennung
Kontrollfeld mit fester Länge 02687nam a22003253u 4500
001 - Kontrollnummer
Kontrollfeld drd-59695717
003 - Kontrollnummer Identifier
Kontrollfeld 0
005 - Datum und Zeit der letzten Transaktion
Kontrollfeld 20251112153218.0
007 - Feld mit fester Länge zur physischen Beschreibung - Allgemeine Information
Kontrollfeld mit fester Länge tu
008 - Feld mit fester Länge zur physischen Beschreibung - Allgemeine Angaben
Kontrollfeld mit fester Länge 251112b |||||||| |||| 00| 0 ger d
020 ## - Internationale Standardbuchnummer
Internationale Standardbuchnummer 9783847117841
Verknüpfung 978-3-8471-1784-1
040 ## - Katalogisierungsquelle
Original-Katalogisierungsstelle RU-10907106
Katalogisierungssprache ger
Übertragungsstelle RU-10907106
041 ## - Sprachcode
Sprachcode des Textes/der Tonspur oder des separaten Titels ger
100 1# - Haupteintragung - Personenname
Personenname Elias, Laura
Funktionsbezeichnungscode aut
Funktionsbezeichnung Author
Koha-Normdatenidentnummer 67335
245 14 - Titel
Titel Der imperiale Blick
Zusatz zum Titel Die indigene Bevölkerung Zentralasiens in der ethnographisch-anthropologischen Fotografie des Russländischen Imperiums
Verfasserangabe etc. Laura Elias
264 ## - Produktion, Veröffentlichung, Distribution, Herstellung und Urheberrechtsvermerk
Herstellungs-, Veröffentlichungs- Vertriebs-, Erzeugungsort Gottingen
Produzent, Herausgeber, Distributor, Hersteller V&R unipress GmbH
Datum der Herstellung, der Veröffentlichung, des Vertriebs oder des Urheberschutzvermerks 2024
300 ## - Physische Beschreibung
Umfang 350 S.
336 ## - Inhaltstyp
Inhaltstypterm Text
Inhaltstypcode txt
Quelle rdacontent
337 ## - Medientyp
Bezeichnung des Medientyps ohne Hilfsmittel zu benutzen
Medientypcode n
Quelle rdamedia
338 ## - Datenträgertyp
Datenträgertypbezeichnung Band
Datenträgertypcode nc
Quelle rdacarrier
520 ## - Fußnote zu Zusammenfassungen usw.
Fußnote zur Zusammenfassung usw. Welche Signifikanz hatte die Fotografie in den neuen Disziplinen der Ethnographie und physischen Anthropologie im Russländischen Imperium? In welcher Zeit wurde welche Art der fotografischen Darstellung nicht-russischer Völker von den historischen Akteuren als wissenschaftlich relevant und erkenntnisversprechend betrachtet? Und welche Unterschiede lassen sich zwischen der fotografischen und nicht-fotografischen visuellen Inszenierung festmachen? Im vorliegenden Band untersucht Laura Elias, inwiefern fotografische Bilder zur Konstruktion imaginierter ethnischer Kollektive und zur Herstellung ethnographisch-anthropologischen Wissens benutzt wurden. Von den ersten ethnographischen Skizzen bis hin zu den fotografischen Repräsentationen des frühen 20. Jahrhunderts ergibt sich dabei ein vielschichtiges Bild vom "Russischen Orient" und dessen Erforschern. What significance did photography have on the new disciplines of ethnography and physical anthropology in the Russian Empire? During which time period was which type of photographic representations of the non-Russian population considered scientifically relevant and promising by historical actors. What differences can be identified between photographic and non-photographic visual representations? In the present volume Laura Elias examines in how far photographic images were used to construct imaginative ethnical collectives and to produce ethnographical-anthropological knowledge. From the first ethnographic sketches to the photographic representations of the early 20th century, a multi-layered picture of the "Russian Orient" and its scholars is drawn.
648 ## - Nebeneintragung unter einem Schlagwort - Zeitschlagwort
Zeitschlagwort 1776-1902
Koha-Normdatenidentnummer 67543
650 ## - Nebeneintragung unter einem Schlagwort - Sachschlagwort
Sachschlagwort oder geografischer Name als Eintragungselement Ethnologie
650 ## - Nebeneintragung unter einem Schlagwort - Sachschlagwort
Sachschlagwort oder geografischer Name als Eintragungselement Ethnologische Fotografie
Koha-Normdatenidentnummer 67544
650 ## - Nebeneintragung unter einem Schlagwort - Sachschlagwort
Sachschlagwort oder geografischer Name als Eintragungselement Mittelasien <Motiv>
Koha-Normdatenidentnummer 67545
650 ## - Nebeneintragung unter einem Schlagwort - Sachschlagwort
Sachschlagwort oder geografischer Name als Eintragungselement Indigenes Volk <Motiv>
Koha-Normdatenidentnummer 67546
651 ## - Nebeneintragung unter einem Schlagwort - Geografischer Name
Geografischer Name Russland
651 ## - Nebeneintragung unter einem Schlagwort - Geografischer Name
Geografischer Name Zentralasien
Koha-Normdatenidentnummer 6220
942 ## - Zusätzliche Felder (Koha)
Koha-Medientyp Monographien
Klassifikation oder Aufstellungssystematik Andere/Generische Klassifikation
Exemplare
Ausgeschieden Verloren Klassifikation oder Aufstellungssystematik Beschädigt Nicht entleihbar Heimatbibliothek Aufenthaltsbibliothek Erwerbungsdatum Inventarnummer Signatur Barcode Letzte Aktivität Preis gültig von Koha-Medientyp
    Andere/Generische Klassifikation     MW Forum Finnland MWN Osteuropa 14/10/2025 25-00070 R 54 s Eli 75944 14/10/2025 14/10/2025 Monographien